000 00637nam a2200229Ia 4500
003 OSt
005 20221007064832.0
006 a|||||r|||| 00| 0
007 ta
008 221006b |||||||| |||| 00| 0 eng d
024 _a3,170
037 _cTextual
040 _aFLL
_cFLL
_beng
041 _2eng
_aeng
082 _aZ1:281, L4
100 _aJoyner Nancy douglas
_9686356
245 0 _aAerial hijacking as an international crime
260 _aDelhi
_bOceana Publication, Inc India
_c1974
650 _aInternational law
942 _hZ1:281, L4
_cTEXL
_2CC
999 _c1135503
_d1135503